[Event "Open Ouest 0607 (Istres)"]
[Site "?"]
[Date "2007.04.07"]
[Round "8"]
[White "Person, Claude"]
[Black "Dufresne, Ali"]
[Result "1-0"]
[WhiteElo "1400"]
[BlackElo "1110"]
[Annotator "Fritz 7 (60s)"]
[PlyCount "127"]
[EventDate "2007.??.??"]

1. e4 e5 2. Nf3 {C41: Philidor Defence} d6 {dernier coup de la bibliotheque} 3.
b3 (3. d4 {0}) 3... g6 4. Bb2 Bg7 5. Nc3 Nd7 6. d3 c5 7. Nd5 {
Une case tres active pour le cavalier blanc.} Ne7 8. c4 b6 9. Bc1 h6 {
Securise g5} 10. Be2 O-O 11. Bd2 Bb7 12. Qc1 Kh7 13. h4 f5 (13... Nxd5 14. cxd5
Bc8 15. Rb1 $11) 14. Bg5 (14. h5 $142 $5 g5 15. Bxg5 Bxd5 16. cxd5 $16) 14...
Bxd5 15. cxd5 f4 {Les noirs gagne de l'espace} (15... hxg5 16. Nxg5+ Kg8 17.
Ne6 $11) 16. Bxe7 (16. h5 hxg5 17. Nxg5+ Kg8 $14) 16... Qxe7 $11 17. Kd2 Rac8
18. Qg1 Kg8 19. Qh2 Rf7 20. Qh3 Rc7 (20... Re8 21. Qg4 Nf8 22. Rhb1 $11) 21.
Rac1 Nf6 22. Rc2 b5 23. Nh2 Ne8 (23... c4 24. Rhc1 $15) 24. Bg4 Kf8 (24... Kh8
$142 $5 $11 {merite d'etre regarde}) 25. Be6 $16 Rf6 26. Nf3 (26. g4 $5 $16)
26... Bh8 27. Nh2 Ng7 28. Ng4 Nxe6 29. Nxf6 Nd4 {Une superbe case!} 30. Nh7+ $2
(30. Ng4 $142 {et les blancs peut esperer survivre} Nxc2 31. Kxc2 $11) 30...
Qxh7 $19 31. Rb2 h5 32. f3 Bf6 33. Qh2 (33. Kd1 Qd7 $19) 33... a5 34. a4 (34.
Kc1 a4 35. bxa4 c4 36. dxc4 Rxc4+ (36... bxc4 $143 37. Rb8+ Kg7 38. Rd1 $19)
37. Kb1 Qc7 $19) 34... b4 (34... bxa4 $142 {
et maintenant il devient clair que les noirs va gagner} 35. bxa4 Qd7 $19) 35.
Qg1 Qg7 36. Qf2 Kg8 37. Rg1 Qe7 38. Rh1 Kh7 39. g3 $4 {
mais meme un meilleur coup n'aurait pas sauve la partie.} (39. Kc1 Qf7 $19)
39... Kh6 (39... fxg3 $142 {et les noirs gagne} 40. Qxg3 Bxh4 $19) 40. Kc1 g5 (
40... fxg3 $142 $5 41. Qxg3 Qf7 42. Kb1 $19) 41. hxg5+ $17 Bxg5 ({Pire est} 
41... Kxg5 42. Qh2 Qf7 43. gxf4+ Kh6 44. Kb1 $14) 42. g4 h4 43. Rb1 Kg7 44. Kb2
Rc8 45. Rh3 Rh8 46. Re1 Qf6 47. Qd2 Kf7 48. Qc1 Ke7 49. Qc4 Kf7 $4 {
fait perdre l'avantage} (49... Qf8 50. Reh1 $19) 50. Qa6 $4 {
il y avait de meilleurs moyens pour maintenir la pression} (50. Qc1 Ke8 51. Qc4
$19) 50... Kg6 (50... Qd8 51. Rc1 $19) 51. Qxa5 $17 Nxf3 $4 {
jetant a l'eau son avantage} (51... Rb8 $142 $17) 52. Rxf3 $18 h3 $2 (52... Rb8
53. Rh3 $18) 53. Qb5 (53. Rh1 $142 $5 {peut etre le plus court chemin} h2 54.
Qb5 $18) 53... Bh4 54. Rh1 Bg3 55. Qd7 h2 56. Qf5+ $4 {
les blancs perd une partie gagnee} (56. g5 $142 {
et les blancs peut esperer une bonne partie} Rd8 57. Qc7 (57. gxf6 {
est tres faible} Rxd7 58. Rff1 Kxf6 $17) 57... Kxg5 58. a5 $18) 56... Qxf5 $15
57. gxf5+ (57. exf5+ $2 Kg5 $19) 57... Kf6 (57... Kg5 $5 $17) 58. Kc2 $11 Rh3 (
58... Kg5 59. Kd2 $15) 59. Kd1 (59. a5 $142 $14) 59... Rh6 $4 {
relache la pression} (59... Kg5 $142 $11 {et les noirs respire un peu}) 60. Ke2
$18 Kg5 61. Kf1 Kg4 62. Kg2 Rh3 (62... Rh8 63. Rhf1 $18) 63. a5 Be1 $4 {
terrible, mais que pourrait jouer d'autre les noirs pour sauver la partie?} (
63... Rh7 $142 64. Ra1 Ra7 $18) 64. Rxh3 (64. Rxe1 $6 {
est une faible possibilite} Rxf3 65. f6 Rxd3 $11) 1-0